000
00193nam a2200085Ia 4500
008
220104s9999 xx 000 0 und d
245
0
_a
Para rubber seed
650
_a
Para rubber seed
942
_c
BE
999
_c
47584
_d
47584